000
00297nam a22001097a 4500
082
_a
380.105KOM
100
_a
Kompass
245
_a
kompass in association with confederation of british industry
260
_a
London
_b
kompass publishers limited
_c
1973
300
_a
1774p.
_b
:ill.; 30cm.
942
_c
BK
999
_c
19946
_d
19946